Quizzes
Events
Quiz Creation
Community
Videos
Private Events
Remove Ads
Sign In
Join for FREE
Feedback
Dark Mode
Quiz Categories
Sports
Geography
Music
Movies
Television
Just For Fun
Miscellaneous
History
Literature
Language
Science
Gaming
Entertainment
Religion
Holiday
For Kids
Quiz Lab
Recent
Popular Today
Quiz Kudos Today
Editor Picks
Curator Picks
Quizzes by...
Day
Popularity
Type
Ratings
Length
Year
Community
Subscriptions
Recent Discussions
Orange Saloon
Badges
Playlists
Quests
Create
Leaderboards
Showdown
Live 5
Trivia Bingo
Activity
Puzzle Library
Sporcle Events
Private Events
Virtual Trivia
Globe League
Become a Host
Pub Owners
SporcleCon
Opinionation
Our Games
Videos
Blog
Mobile Apps
Partnerships
Remove Ads and Go Orange
Feedback
Movies
Disney
Marvel Cinematic Universe
Movie Resume
Movie Titles
Oscar
Actor
Actress
Director
Pixar
Role
Movie Quotes
Movie Characters
Box Office
Nominee
Best Picture
Star Wars
James Bond
Horror Movies
Movies
Disney
Marvel Cinematic Universe
Movie Resume
Movie Titles
Oscar
Actor
Actress
Director
Pixar
Role
Movie Quotes
Movie Characters
Box Office
Nominee
Best Picture
Star Wars
James Bond
Horror Movies
Random Quiz
Search Sporcle
×
Quiz Lab
Quiz Lab
Movies
Type in answers that appear in a list
Type in answers that appear in a list
Classic
Best Score? Go Orange.
So 00's Movies Stats
Can you name the So 00's Movies?
By
EddieFelson
10m
60 Questions
893 Plays
893 Plays
893 Plays
Comments
Comments
Give Quiz Kudos
Give Quiz Kudos
-
- Ratings
hide this ad
Replay
Link that replays current quiz
Next Quiz
Link to next quiz in quiz playlist
You Got
0%
They Got
Avg Score
45%
Avg Friend Score
Upgrade to see
Score Distribution
Jump to the score distribution portion of the page
Score
0/60
Timer
10:00
0
Plays Today
% Correct
The Lord of the Rings: The Return of the King
88%
The Lord of the Rings: The Return of the King
88%
Nicolas Cage
87.3%
The Dark Knight
86.6%
Sylvester Stallone
86.2%
Dwayne Johnson
86%
The Lord of the Rings: The Two Towers
85.9%
8 Mile
84.4%
Vin Diesel
84.3%
The Lord of the Rings: The Fellowship of the Ring
83.5%
Jason Statham
77.3%
Saw
72.1%
The Hurt Locker
70%
No Country for Old Men
66.5%
Jet Li
66%
Crash
65.6%
Gladiator
65.1%
Memento
63%
Colin Farrell
62.3%
John Travolta
60.7%
Slumdog Millionaire
60.6%
There Will Be Blood
59.4%
Pirates of the Caribbean: The Curse of the Black Pearl
58.3%
The Departed
56.7%
A Beautiful Mind
53.8%
Hostel
53%
Chicago
50.8%
Harry Potter and the Sorcerer's Stone
50.8%
Spider-Man
49.8%
Million Dollar Baby
49.4%
% Correct
Kill Bill: Vol. 1
42.2%
Spirited Away
38.9%
Almost Famous
38.2%
City of God
34.9%
The Grudge
34.7%
The Wrestler
31.7%
American Psycho
31.6%
Jean-Claude Van Damme
31.4%
Amélie
31.2%
Inglourious Basterds
30.7%
Avatar
30.6%
WALL E
29.6%
Vinnie Jones
24.5%
Paranormal Activity
23.3%
Daredevil
22.8%
The Lives of Others
21.4%
Resident Evil
20.9%
Eternal Sunshine of the Spotless Mind
20.4%
Napoleon Dynamite
17%
Final Destination
14.9%
Underworld
14.9%
Sin City
13.4%
Gran Torino
13.1%
Snatch
11.2%
Donnie Darko
10.2%
Jeepers Creepers
9.3%
High Fidelity
6.8%
The Beach
5.7%
Wrong Turn
4.9%
Boogeyman
2.2%
Quiz Playlist
Details
Report
Send in Message
Add To Playlist
Classic:
Type in answers that appear in a list
Last Updated: Feb 16, 2017
Quiz Scoreboard
CHALLENGE
Sign Up to Join the Scoreboard
Show All
Scores
Hide
Comments
May contain spoilers
Recently Published
Movies - When Are They Set?
by FPL_Elf
Movies
5m
Popular People in 1961
by mucciniale
History
6m
1-10 Letter E Words III
by El_Dandy
Language
2m
More to Explore
Quiz From the Vault
Featured Blog Post
Where Did the Easter Bunny Come From?
hide this ad
You Might Also Like...
Tags
This quiz does not have any tags.
Today's Top Quizzes in Movies
Browse Movies
hide this ad
Top Contributed Quizzes in Movies
1
Multi-Oscar Nominations, One Movie, One Winner
2
12 Movies about Fictional 1960s Events
3
One Thing in Common: Movies
4
One Thing in Common: Movies II
5
Sunday Crossword: Film Score Composers
6
Three Word 'T' Movies Match Up
7
Three Word 'H' Movies Match Up
8
Three Word 'M' Movies Match Up
9
One Thing in Common: Oscars
10
Three Word 'P' Movies Match Up
Explore More
Trending Topics
Anime
Marvel
Crossword
Harry Potter
NBA
Kpop
Disney
WWE
Soccer
Pokémon
Country
Puzzle
NFL
Song
The Office
hide this ad
More By:
EddieFelson
Quiz
Plays
Rating
Category
Featured
Created
So '80s Movies
80,550
4.28
Movies
Nov 1, 2010
Movie Title Mix
70,382
4.25
Movies
Mar 4, 2011
Actors With First Names in Common
70,329
4.62
Movies
Jun 17, 2013
Movies by Last 3 Letters
45,526
4.35
Movies
Aug 3, 2013
More Actors With First Names in Common
27,684
4.36
Movies
Jul 1, 2013
Go to Creator's Profile
Score Distribution
Quiz Creator Spotlight
EddieFelson
Follow
Send a Message
Quizzes Created
-
Created Quiz Play Count
-
More By This Creator
Popular Quizzes Today
1
Find the US States - No Outlines Minefield
2
Find the Countries of Europe - No Outlines Minefield
3
The Countries of the World
4
Popular People in 1961
5
1-10 Letter E Words III
6
US States
7
Find the US States
8
One Thing in Common: World Cities II
More Movies Quizzes
2007 Movie Actor Huge Gallery
Quiz Lab
Trending Quizzes
Risky Map Clicking: Least Populous States A-Z
1-10 Letter F Words
1-10 Letter G Words
One Thing in Common: United Kingdom
Risky Map Clicking: Next State Alphabetically
Recently Updated
Leaping Animals
pecheneg
Reality TV Shows (A-Z)
bhenderson79
Rickey Henderson's Hall of Fame Teammates
pecheneg
Champions League XIs: Arsenal
pecheneg
Quick Pick: Celebrities in WWE's Hall of Fame
aduchscher
A-Z Keypad Blitz II
pecheneg
Multiple Oscar Actors
pecheneg
Mystery Phrase Blitz: Oscar 'Best Actors'
pecheneg
F. Scott Fitzgerald Novels
LTH
Pick 3 Villains
ddd62291
Trending Topics
Disney
Harry Potter
Kpop
NBA
Crossword
Marvel
Anime
Pokémon
WWE
The Office
NFL
Puzzle
Country
Soccer
Song
Your Account Isn't Verified!
In order to create a playlist on Sporcle, you need to verify the email address you used during registration. Go to your
Sporcle Settings
to finish the process.
Report this User
Report this user for behavior that violates our
Community Guidelines
.
Details:
Send Report
Go to the Sporcle.com Mobile Site →
Comments